|
|
|
|
| LEADER |
02106nam a2200481 i 4500 |
| 001 |
EBC4205909 |
| 003 |
MiAaPQ |
| 005 |
20200520144314.0 |
| 006 |
m o d | |
| 007 |
cr cnu|||||||| |
| 008 |
160218t20162016enk ob 001 0 eng d |
| 020 |
|
|
|z 9781119261575
|
| 020 |
|
|
|a 9781119261599
|q (electronic bk.)
|
| 035 |
|
|
|a (MiAaPQ)EBC4205909
|
| 035 |
|
|
|a (Au-PeEL)EBL4205909
|
| 035 |
|
|
|a (CaPaEBR)ebr11152511
|
| 035 |
|
|
|a (CaONFJC)MIL881813
|
| 035 |
|
|
|a (OCoLC)933442956
|
| 040 |
|
|
|a MiAaPQ
|b eng
|e rda
|e pn
|c MiAaPQ
|d MiAaPQ
|
| 043 |
|
|
|a n-us---
|
| 050 |
|
4 |
|a HC110.T4
|b .C677 2016
|
| 082 |
0 |
|
|a 303.483097309034
|2 3
|
| 100 |
1 |
|
|a Corsi, Patrick,
|e author.
|
| 245 |
1 |
0 |
|a Sequencing Apple's DNA /
|c Patrick Corsi, Dominique Morin.
|
| 264 |
|
1 |
|a London, [England] ;
|a Hoboken, New Jersey :
|b ISTE :
|b Wiley,
|c 2016.
|
| 264 |
|
4 |
|c 2016
|
| 300 |
|
|
|a 1 online resource (237 pages).
|
| 336 |
|
|
|a text
|2 rdacontent
|
| 337 |
|
|
|a computer
|2 rdamedia
|
| 338 |
|
|
|a online resource
|2 rdacarrier
|
| 490 |
1 |
|
|a Innovation, Entrepreneurship and Management Series
|
| 504 |
|
|
|a Includes bibliographical references at the end of each chapters and index.
|
| 588 |
|
|
|a Description based on online resource; title from PDF title page (ebrary, viewed February 17, 2016).
|
| 590 |
|
|
|a Electronic reproduction. Ann Arbor, MI : ProQuest, 2016. Available via World Wide Web. Access may be limited to ProQuest affiliated libraries.
|
| 610 |
2 |
0 |
|a Apple Computer, Inc.
|
| 650 |
|
0 |
|a Technological innovations
|z United States
|x History.
|
| 650 |
|
0 |
|a Technological innovations
|z United States
|x Management
|x History.
|
| 655 |
|
4 |
|a Electronic books.
|
| 700 |
1 |
|
|a Morin, Dominique,
|e author.
|
| 776 |
0 |
8 |
|i Print version:
|a Corsi, Patrick.
|t Sequencing Apple's DNA.
|d London, [England] ; Hoboken, New Jersey : ISTE : Wiley, c2016
|h 202 pages
|k Innovation, entrepreneurship and management series.
|z 9781119261575
|
| 797 |
2 |
|
|a ProQuest (Firm)
|
| 830 |
|
0 |
|a Innovation, entrepreneurship and management series.
|
| 856 |
4 |
0 |
|u https://ebookcentral.proquest.com/lib/matrademy/detail.action?docID=4205909
|z Click to View
|